000 00776nam a2200205 a 4500
003 0
005 20250310144046.0
008 080730s19uu xx 00 eng d
050 _aPGS LC 1037.M68
_b.Ad221 2008
100 _aAdarna, Candice M.
245 _aLearning motivation of upper class and lower class children /
_cCandice M. Adarna.
260 _aLas PiƱas City, Philippines :
_bSouthville International School and Colleges,
_c2008.
300 _a21 pages :
_billustrations ;
_c28 cm.
504 _aIncludes bibliographical references.
650 _aMotivation in education.
650 _aSocial classes and children
_vEducation.
650 _aAcademic achievement
_vSocial aspects.
650 _aLearning, Psychology of
_vAdolescents.
942 _2lcc
_cPASS
999 _c97995
_d97995